[Event "Deutsche Frauen-Einzelmeisterschaft"]
[Site "Hockenheim/Germany"]
[Date "2009.08.24"]
[Round "3.4"]
[White "Kopylova, Ljubov"]
[Black "Noll, Sonja"]
[Result "1-0"]
[WhiteElo "2196"]
[BlackElo "1963"]
[PlyCount "62"]
[EventDate "2009.??.??"]
[WhiteTeam "SK Doppelbauer Kiel"]
[BlackTeam "Saarbrücker Gambit 89 e.V."]

1. d4 Nc6 2. d5 Ne5 3. e4 Ng6 4. c4 e5 5. dxe6 fxe6 6. Nf3 Bc5 7. Bg5 N8e7 8.
Nc3 c6 9. e5 Bxf2+ 10. Kxf2 Qb6+ 11. Ke1 Qxb2 12. Na4 Qb4+ 13. Bd2 Qa3 14. Qb3
Qxb3 15. axb3 Rb8 16. Nc3 a6 17. Ne4 O-O 18. Bb4 Rf4 19. Bd3 b5 20. Bd6 Ra8 21.
Rf1 a5 22. Nc5 bxc4 23. bxc4 Rf7 24. Kd2 Nf4 25. Ng5 Nxd3 26. Rxf7 Nxc5 27.
Bxe7 Nb3+ 28. Kc3 Ba6 29. Raf1 g6 30. Rf8+ Rxf8 31. Rxf8+ Kg7 1-0

[Event "Deutsche Frauen-Einzelmeisterschaft"]
[Site "Hockenheim/Germany"]
[Date "2009.08.24"]
[Round "3.5"]
[White "Vidonyak, Nellya"]
[Black "Kohls, Vera"]
[Result "1-0"]
[WhiteElo "2187"]
[BlackElo "1904"]
[PlyCount "47"]
[EventDate "2009.??.??"]
[WhiteTeam "SV Hockenheim"]
[BlackTeam "Delmenhorster SK V 1931"]

1. d4 Nf6 2. Nf3 b6 3. c4 e6 4. g3 Bb7 5. Bg2 Bb4+ 6. Nc3 Bxc3+ 7. bxc3 Ne4 8.
Qc2 f5 9. O-O O-O 10. Rd1 Qe7 11. a4 Nc6 12. Ba3 d6 13. c5 dxc5 14. dxc5 Nxc5
15. Nd4 Nxd4 16. cxd4 Bxg2 17. Kxg2 Qf6 18. dxc5 f4 19. f3 fxg3 20. hxg3 Rfd8
21. Bb2 Qg5 22. c6 h5 23. Qe4 Rd5 24. Qxe6+ 1-0

[Event "Deutsche Frauen-Einzelmeisterschaft"]
[Site "Hockenheim/Germany"]
[Date "2009.08.24"]
[Round "3.6"]
[White "Hielscher, Ursula"]
[Black "Von Herman, Brigitte"]
[Result "1-0"]
[WhiteElo "1878"]
[BlackElo "2104"]
[PlyCount "57"]
[EventDate "2009.??.??"]
[WhiteTeam "SK Doppelbauer Kiel"]
[BlackTeam "SK König Tegel 1949 e.V."]

1. d4 Nf6 2. c4 e6 3. g3 Bb4+ 4. Bd2 Qe7 5. Bg2 O-O 6. a3 Bxd2+ 7. Nxd2 Nc6 8.
Ngf3 d6 9. O-O a5 10. Re1 e5 11. dxe5 dxe5 12. e4 Rd8 13. Qc2 h6 14. h3 Be6 15.
Rad1 Qc5 16. Rc1 a4 17. Qc3 Nd4 18. Nxd4 Rxd4 19. b4 Qd6 20. c5 Qd8 21. Nf3 Rd3
22. Qa1 Nd7 23. Rcd1 Rxd1 24. Rxd1 f6 25. Qc3 Qe7 26. c6 bxc6 27. Qxc6 Nb6 28.
Nh4 Nc4 29. Qxa8+ 1-0

[Event "Deutsche Frauen-Einzelmeisterschaft"]
[Site "Hockenheim/Germany"]
[Date "2009.08.24"]
[Round "3.7"]
[White "Niedermaier, Barbara"]
[Black "Willrodt, Sonja"]
[Result "1-0"]
[WhiteElo "1995"]
[BlackElo "1870"]
[PlyCount "117"]
[EventDate "2009.??.??"]
[WhiteTeam "SC Uttenreuth"]
[BlackTeam "SK Doppelbauer Kiel"]

1. f4 g6 2. Nf3 Bg7 3. e3 d6 4. Nc3 e5 5. Bc4 Nh6 6. O-O Bg4 7. h3 Be6 8. Bxe6
fxe6 9. Ng5 Qe7 10. Qf3 c6 11. b3 d5 12. a4 exf4 13. exf4 e5 14. Re1 e4 15.
Ngxe4 O-O 16. Ba3 dxe4 17. Rxe4 Qf7 18. Bxf8 Bxf8 19. Rae1 Nd7 20. g4 Nc5 21.
R4e2 Rd8 22. b4 Na6 23. b5 cxb5 24. Nxb5 Nb4 25. Qe4 a6 26. Nc3 Qd7 27. Qc4+
Qf7 28. Qxf7+ Kxf7 29. d3 Ng8 30. Ne4 Rc8 31. Ng5+ Kg7 32. Ne6+ Kf7 33. Nxf8
Kxf8 34. Rb1 a5 35. Re5 Rxc2 36. Rxa5 Nxd3 37. Rxb7 Rc8 38. f5 gxf5 39. Rxf5+
Ke8 40. Rxh7 Rc1+ 41. Kh2 Ne7 42. Rb5 Nc5 43. Ra5 Ne4 44. Ra8+ Nc8 45. Rh8+ Kd7
46. Kg2 Nb6 47. Ra7+ Kc6 48. Rh6+ Nd6 49. Ra6 Kb7 50. Rxb6+ Kxb6 51. Rxd6+ Kc5
52. Rf6 Ra1 53. a5 Kd4 54. a6 Ke5 55. g5 Ra3 56. h4 Ra4 57. Kg3 Kd5 58. h5 Ke5
59. h6 1-0

[Event "Deutsche Frauen-Einzelmeisterschaft"]
[Site "Hockenheim/Germany"]
[Date "2009.08.24"]
[Round "3.8"]
[White "Franzenburg, Maria"]
[Black "Birkholz, Mary"]
[Result "1-0"]
[WhiteElo "1803"]
[BlackElo "1976"]
[PlyCount "131"]
[EventDate "2009.??.??"]
[WhiteTeam "SK Doppelbauer Kiel"]
[BlackTeam "TS Bayreuth"]

1. e4 e5 2. Nf3 Nc6 3. Bb5 d6 4. O-O Nge7 5. c3 Bd7 6. d4 Ng6 7. Re1 f6 8. Nbd2
Be7 9. Nf1 O-O 10. h3 Kh8 11. Ng3 Qc8 12. d5 Nb8 13. Bd3 a5 14. Nf5 Bd8 15.
N3h4 Nxh4 16. Nxh4 g6 17. Qd2 Rg8 18. Qe2 f5 19. Nf3 f4 20. Nh2 h5 21. Kh1 Bf6
22. Rg1 Be8 23. Qf3 Rf8 24. g4 fxg3 25. Qxg3 Qd8 26. Bh6 Bh4 27. Qe3 Bxf2 28.
Qd2 Rf4 29. Bxf4 Bxg1 30. Bxe5+ dxe5 31. Qh6+ Kg8 32. Rxg1 Qf6 33. Qxh5 Nd7 34.
Qh6 Nf8 35. Rf1 Qg7 36. Qxg7+ Kxg7 37. Ng4 Nd7 38. Kg2 g5 39. Rf5 Bg6 40. Rxg5
c6 41. h4 Rh8 42. Nxe5 Nxe5 43. Rxe5 cxd5 44. Rxd5 Rxh4 45. Rd7+ Kf8 46. Rxb7
Bxe4+ 47. Bxe4 Rxe4 48. Kf3 Re5 49. a4 Ke8 50. Rb5 Re1 51. Rxa5 Kd7 52. Rc5 Kd6
53. b4 Rb1 54. Ke4 Rb2 55. Kd4 Rb1 56. Kc4 Rc1 57. a5 Rh1 58. Kb5 Rh8 59. a6
Rb8+ 60. Ka5 Ra8 61. c4 Rg8 62. Rh5 Kc7 63. Rh7+ Kb8 64. c5 Rc8 65. Kb6 Ka8 66.
Ra7+ 1-0

[Event "Deutsche Frauen-Einzelmeisterschaft"]
[Site "Hockenheim/Germany"]
[Date "2009.08.24"]
[Round "3.9"]
[White "Banisch, Anett"]
[Black "Erben, Larissa"]
[Result "0-1"]
[WhiteElo "2061"]
[BlackElo "2073"]
[PlyCount "74"]
[EventDate "2009.??.??"]
[WhiteTeam "SV Sangerhausen e. V."]
[BlackTeam "SV Stuttgart-Wolfbusch 1956 e.V."]

1. e4 c5 2. Nc3 Nc6 3. g3 g6 4. Bg2 Bg7 5. d3 d6 6. f4 e6 7. Nh3 Nge7 8. Qe2
O-O 9. O-O Rb8 10. Nd1 b5 11. Ne3 Bd7 12. g4 f5 13. Kh1 Nd4 14. Qf2 b4 15. gxf5
exf5 16. a3 a5 17. Ng5 Ne6 18. Nxe6 Bxe6 19. axb4 cxb4 20. Nc4 fxe4 21. Nxa5
Ra8 22. Nb3 Rxa1 23. Nxa1 exd3 24. cxd3 b3 25. Qe3 Bf7 26. Bd2 Nf5 27. Qe4 Re8
28. Qb4 Qc7 29. Nxb3 Rb8 30. Qa5 Qc2 31. Bd5 Rxb3 32. Bxf7+ Kxf7 33. Qd5+ Kf8
34. Rc1 Qxd3 35. Qa8+ Kf7 36. Qa7+ Ne7 37. Re1 Qd5+ 0-1

[Event "Deutsche Frauen-Einzelmeisterschaft"]
[Site "Hockenheim/Germany"]
[Date "2009.08.24"]
[Round "3.10"]
[White "Stitterich, Nadine"]
[Black "Kluge, Heidemarie"]
[Result "1/2-1/2"]
[WhiteElo "1929"]
[BlackElo "1952"]
[PlyCount "117"]
[EventDate "2009.??.??"]
[WhiteTeam "SV Stuttgart-Wolfbusch 1956 e.V."]
[BlackTeam "Spielgemeinschaft Schachfreunde"]

1. e4 c5 2. Nf3 e6 3. d4 cxd4 4. Nxd4 d5 5. exd5 Qxd5 6. Nc3 Bb4 7. Be3 a6 8.
Qg4 Bxc3+ 9. bxc3 Qe5 10. Bd3 h5 11. Qf3 Qc7 12. Bd2 e5 13. Qg3 Ne7 14. Nf3
Nbc6 15. Be4 g6 16. Bg5 Nf5 17. Bxc6+ Qxc6 18. Qxe5+ Qe6 19. O-O Qxe5 20. Nxe5
O-O 21. Nd3 Kg7 22. Rab1 b5 23. a3 Be6 24. Rfe1 Rfc8 25. Bd2 Ra7 26. Nb4 Rd7
27. Bf4 a5 28. Nd3 Bc4 29. Ne5 Re7 30. Nf3 Rxe1+ 31. Rxe1 f6 32. Rd1 Be6 33.
Rd3 g5 34. Bd2 Kg6 35. h3 Rc4 36. Nd4 Nxd4 37. cxd4 Bf5 38. Rb3 Rxd4 39. Bxa5
Bxc2 40. Rxb5 Rd1+ 41. Kh2 Rd6 42. Rc5 Bd1 43. Bb4 Ra6 44. f3 Be2 45. Kg3 Bd1
46. h4 g4 47. Kf4 gxf3 48. gxf3 Re6 49. Rc1 Be2 50. Rc7 Re5 51. Rc3 Bd1 52. Bd6
Rd5 53. Bc5 Rf5+ 54. Kg3 Rd5 55. Be7 Re5 56. Bf8 Kf7 57. Bd6 Rd5 58. Bb4 Kg6
59. Kf4 1/2-1/2

[Event "Deutsche Frauen-Einzelmeisterschaft"]
[Site "Hockenheim/Germany"]
[Date "2009.08.24"]
[Round "3.11"]
[White "Storkebaum, Ulrike"]
[Black "Gottschall, Ina"]
[Result "1-0"]
[WhiteElo "1894"]
[BlackElo "1693"]
[PlyCount "95"]
[EventDate "2009.??.??"]
[WhiteTeam "SV 1920 Hofheim"]
[BlackTeam "USV TU Dresden"]

1. e4 e6 2. d4 d5 3. exd5 exd5 4. Nf3 Bd6 5. Bd3 Nc6 6. O-O Bg4 7. c3 Nge7 8.
h3 Bh5 9. Re1 O-O 10. Be3 Qd7 11. Nbd2 Rfe8 12. Bxh7+ Kh8 13. Bd3 Bg6 14. Nf1
Bxd3 15. Qxd3 Qf5 16. Qxf5 Nxf5 17. g4 Nxe3 18. Nxe3 Ne7 19. Rad1 c6 20. Nh4
Bc7 21. Kf1 g5 22. Nhf5 Ng6 23. Ng2 Kg8 24. h4 f6 25. h5 Nf8 26. Re3 Rxe3 27.
Ngxe3 Re8 28. Kg2 Ne6 29. Rh1 a5 30. h6 Kh7 31. Kf1 Nf4 32. Ng7 Re4 33. Nh5 Bd8
34. Nxf4 Rxf4 35. Ke2 Re4 36. f3 Re6 37. Kf2 Be7 38. Nf5 Bf8 39. b3 b6 40. c4
dxc4 41. bxc4 Re8 42. Rb1 Rb8 43. a4 Bxh6 44. Rh1 b5 45. cxb5 cxb5 46. Rxh6+
Kg8 47. axb5 Rxb5 48. Rxf6 1-0

[Event "Deutsche Frauen-Einzelmeisterschaft"]
[Site "Hockenheim/Germany"]
[Date "2009.08.25"]
[Round "4.1"]
[White "Berglitz, Regina"]
[Black "Zilberman, Polina"]
[Result "1/2-1/2"]
[WhiteElo "2066"]
[BlackElo "2191"]
[PlyCount "52"]
[EventDate "2009.??.??"]
[WhiteTeam "Hamburger SK von 1830 eV"]
[BlackTeam "SK 1879 HD-Handschuhsheim"]

1. e4 e6 2. d4 d5 3. e5 c5 4. c3 Nc6 5. Nf3 Qb6 6. a3 f6 7. b4 fxe5 8. dxe5 Qc7
9. Bf4 Nge7 10. Bd3 c4 11. Bc2 g6 12. b5 Nd8 13. Nbd2 Bg7 14. O-O O-O 15. Bg3
Bd7 16. a4 a6 17. b6 Qc8 18. a5 Ndc6 19. Re1 Nf5 20. Bxf5 Rxf5 21. Nf1 Rf8 22.
Nd4 Nxd4 23. Qxd4 Qd8 24. Nd2 Rf5 25. Nf3 Be8 26. Qe3 Qe7 1/2-1/2

[Event "Deutsche Frauen-Einzelmeisterschaft"]
[Site "Hockenheim/Germany"]
[Date "2009.08.25"]
[Round "4.2"]
[White "Kopylova, Ljubov"]
[Black "Leveikina, Jevgenija"]
[Result "0-1"]
[WhiteElo "2196"]
[BlackElo "2042"]
[PlyCount "94"]
[EventDate "2009.??.??"]
[WhiteTeam "SK Doppelbauer Kiel"]
[BlackTeam "Schachklub Herne-Sodingen 1924"]

1. d4 d5 2. c4 c6 3. Nf3 Nf6 4. Qc2 e6 5. g3 Nbd7 6. Bg2 Be7 7. O-O O-O 8. Nbd2
b6 9. e4 dxe4 10. Nxe4 Bb7 11. Ne5 Nxe5 12. dxe5 Nxe4 13. Bxe4 h6 14. Rd1 Qc7
15. Qe2 Rfd8 16. Bf4 c5 17. Bd2 Rd7 18. Bc3 Rad8 19. Rf1 Bxe4 20. Qxe4 Qb7 21.
Qe2 Rd3 22. f4 g6 23. Rae1 Kh7 24. Qc2 Qd7 25. Qg2 Qa4 26. Qe4 Qd7 27. Rc1 h5
28. Qg2 a6 29. g4 hxg4 30. Qxg4 b5 31. Ba5 Qd4+ 32. Rf2 Rd7 33. h4 b4 34. h5
Rd2 35. hxg6+ fxg6 36. Rcf1 Rxb2 37. Qxe6 Bf8 38. Qh3+ Bh6 39. e6 Rxf2 40. Rxf2
Qd1+ 41. Kg2 Rd3 42. Qh4 Qe1 43. Qe7+ Bg7 44. Bc7 Qe4+ 45. Kh2 Rd1 46. Rg2 Qe1
47. Qd7 Qh4# 0-1

[Event "Deutsche Frauen-Einzelmeisterschaft"]
[Site "Hockenheim/Germany"]
[Date "2009.08.25"]
[Round "4.3"]
[White "Niedermaier, Barbara"]
[Black "Vidonyak, Nellya"]
[Result "1/2-1/2"]
[WhiteElo "1995"]
[BlackElo "2187"]
[PlyCount "51"]
[EventDate "2009.??.??"]
[WhiteTeam "SC Uttenreuth"]
[BlackTeam "SV Hockenheim"]

1. e4 d5 2. exd5 Qxd5 3. Nc3 Qd6 4. d4 Nf6 5. Nf3 c6 6. Be2 g6 7. Be3 Ng4 8.
O-O Nxe3 9. fxe3 Bh6 10. e4 O-O 11. e5 Qb4 12. a3 Qb6 13. Kh1 Bg4 14. h3 Bf5
15. Nh4 Be6 16. Bg4 Bc4 17. Rf3 Rd8 18. b3 Rxd4 19. Qe1 Bd2 20. Qg3 Bxc3 21.
Rxc3 Bd5 22. e6 Na6 23. exf7+ Bxf7 24. Be6 Qc7 25. Bxf7+ Kxf7 26. Rf3+ 1/2-1/2

[Event "Deutsche Frauen-Einzelmeisterschaft"]
[Site "Hockenheim/Germany"]
[Date "2009.08.25"]
[Round "4.4"]
[White "Hielscher, Ursula"]
[Black "Germann, Heike"]
[Result "0-1"]
[WhiteElo "1878"]
[BlackElo "2077"]
[PlyCount "100"]
[EventDate "2009.??.??"]
[WhiteTeam "SK Doppelbauer Kiel"]
[BlackTeam "SV Marzahna 57 e.V."]

1. d4 Nf6 2. c4 c5 3. d5 b5 4. cxb5 a6 5. bxa6 Bxa6 6. Nc3 d6 7. g3 g6 8. Bg2
Bg7 9. Nf3 Nbd7 10. O-O Nb6 11. Re1 O-O 12. e4 Nc4 13. Rb1 Ng4 14. Bf4 Nxb2 15.
Rxb2 Bxc3 16. Rc2 Bxe1 17. Nxe1 Nf6 18. Qa1 Qb6 19. Rb2 Qc7 20. e5 dxe5 21. Bh6
Rfb8 22. d6 exd6 23. Bxa8 Rxa8 24. Qd1 Bc4 25. Qf3 Nd5 26. Rd2 Qa5 27. Nc2 Rb8
28. Rxd5 Bxd5 29. Qxd5 Qa6 30. Ne3 Rb1+ 31. Kg2 Qb7 32. Qxb7 Rxb7 33. Nc4 Rd7
34. a4 f6 35. Be3 Kf7 36. Kf3 Ke6 37. Ke2 Ra7 38. Nb2 Rb7 39. Bc1 d5 40. Kd3
Rb3+ 41. Kc2 c4 42. a5 d4 43. a6 Ra3 44. Kb1 c3 45. Nd3 Ra5 46. f3 Kd6 47. f4
e4 48. Nf2 f5 49. g4 Rxa6 50. gxf5 gxf5 0-1

[Event "Deutsche Frauen-Einzelmeisterschaft"]
[Site "Hockenheim/Germany"]
[Date "2009.08.25"]
[Round "4.5"]
[White "Kickert, Germaine Helene"]
[Black "Nuber, Helene"]
[Result "1/2-1/2"]
[WhiteElo "1943"]
[BlackElo "2073"]
[PlyCount "73"]
[EventDate "2009.??.??"]
[WhiteTeam "SK Jever"]
[BlackTeam "SC Dillingen"]

1. e4 e6 2. d4 d5 3. Nd2 c5 4. Ngf3 Nc6 5. exd5 Qxd5 6. Bc4 Qd8 7. Nb3 cxd4 8.
Nbxd4 Nxd4 9. Qxd4 Qxd4 10. Nxd4 a6 11. Bf4 Nf6 12. a4 Bd7 13. O-O Rc8 14. Bb3
Bc5 15. Rad1 O-O 16. Rfe1 Rfd8 17. c3 h6 18. h3 Nd5 19. Be5 Ne7 20. Nc2 Nc6 21.
Bf4 Na5 22. Na1 Nxb3 23. Nxb3 Be7 24. Na5 Bxa4 25. Rxd8+ Rxd8 26. Nxb7 Rd5 27.
Ra1 Bb5 28. Na5 Rf5 29. Be3 Bd3 30. Nc6 Bg5 31. Bxg5 Rxg5 32. Nb4 Be4 33. g3 a5
34. Re1 axb4 35. Rxe4 bxc3 36. bxc3 Rc5 37. Re3 1/2-1/2

[Event "Deutsche Frauen-Einzelmeisterschaft"]
[Site "Hockenheim/Germany"]
[Date "2009.08.25"]
[Round "4.6"]
[White "Erben, Larissa"]
[Black "Franzenburg, Maria"]
[Result "1-0"]
[WhiteElo "2073"]
[BlackElo "1803"]
[PlyCount "59"]
[EventDate "2009.??.??"]
[WhiteTeam "SV Stuttgart-Wolfbusch 1956 e.V."]
[BlackTeam "SK Doppelbauer Kiel"]

1. e4 e5 2. Nf3 Nc6 3. Bb5 a6 4. Ba4 Nf6 5. O-O Be7 6. Re1 d6 7. c3 b5 8. Bc2
Nd7 9. d4 Bf6 10. a4 Bb7 11. Be3 exd4 12. cxd4 O-O 13. Nc3 b4 14. Nd5 a5 15.
Bb1 Re8 16. Qc2 Nf8 17. Qd2 h6 18. Bd3 Rc8 19. Rac1 Na7 20. Nxf6+ Qxf6 21. e5
Qd8 22. d5 c5 23. dxc6 Nxc6 24. Bf5 Nxe5 25. Bxc8 Bxf3 26. Bf4 Nfg6 27. Bg3 h5
28. Bf5 h4 29. Bxe5 Nxe5 30. Rxe5 {
Schwarz übersah nach Txe5 31.Tc8 Dxc8 31.Lxc8 Td5 (!) und gab auf} 1-0

[Event "Deutsche Frauen-Einzelmeisterschaft"]
[Site "Hockenheim/Germany"]
[Date "2009.08.25"]
[Round "4.7"]
[White "Von Herman, Brigitte"]
[Black "Stitterich, Nadine"]
[Result "1-0"]
[WhiteElo "2104"]
[BlackElo "1929"]
[PlyCount "81"]
[EventDate "2009.??.??"]
[WhiteTeam "SK König Tegel 1949 e.V."]
[BlackTeam "SV Stuttgart-Wolfbusch 1956 e.V."]

1. e4 e5 2. Nf3 Nc6 3. d4 exd4 4. Bc4 Nf6 5. e5 d5 6. Bb5 Ne4 7. Nxd4 Bd7 8.
Bxc6 bxc6 9. O-O Be7 10. f3 Nc5 11. f4 Ne4 12. Nc3 Nxc3 13. bxc3 c5 14. Nb3 c4
15. Nd4 c5 16. Ne2 Bg4 17. f5 f6 18. e6 d4 19. h3 Bxe2 20. Qxe2 Qd5 21. Qh5+ g6
22. Qh4 dxc3 23. Be3 O-O-O 24. Rad1 Qe5 25. Bf2 Qe2 26. Rde1 Qxc2 27. Qxc4 Qd3
28. Qa4 c2 29. Rc1 gxf5 30. Rxc2 Qe4 31. Rc4 Qxe6 32. Re1 Qd6 33. Qxa7 Rhe8 34.
Bxc5 Qc6 35. Rxe7 Rxe7 36. Qxe7 Rd1+ 37. Kh2 Rd2 38. Qf8+ Kb7 39. Qg7+ Rd7 40.
Qg3 Rd2 41. Qb3+ 1-0

[Event "Deutsche Frauen-Einzelmeisterschaft"]
[Site "Hockenheim/Germany"]
[Date "2009.08.25"]
[Round "4.9"]
[White "Noll, Sonja"]
[Black "Willrodt, Sonja"]
[Result "0-1"]
[WhiteElo "1963"]
[BlackElo "1870"]
[PlyCount "78"]
[EventDate "2009.??.??"]
[WhiteTeam "Saarbrücker Gambit 89 e.V."]
[BlackTeam "SK Doppelbauer Kiel"]

1. Nc3 Nf6 2. Nf3 d5 3. e4 d4 4. Nb5 e5 5. Bc4 Be6 6. Nxe5 Bxc4 7. Nxc4 c6 8.
Nbd6+ Bxd6 9. e5 Bxe5 10. Nxe5 O-O 11. O-O Nbd7 12. Nf3 c5 13. d3 Qb6 14. Nd2
Rfe8 15. Nc4 Qc7 16. Bg5 h6 17. Bh4 Re6 18. f4 Rae8 19. f5 Re2 20. Bg3 Qc6 21.
Rf2 Rxf2 22. Kxf2 h5 23. h3 Qd5 24. Qf3 Qxf3+ 25. Kxf3 Nd5 26. Nd6 Re3+ 27. Kf2
b6 28. a3 a6 29. Nc4 Re8 30. Nd6 Re3 31. Bh4 N7f6 32. Bg5 Re5 33. Re1 Rxe1 34.
Kxe1 Nd7 35. Kd2 f6 36. Bh4 Ne3 37. b4 Nxg2 38. Bg3 Ne3 39. Bh2 Nf1+ 0-1

[Event "Deutsche Frauen-Einzelmeisterschaft"]
[Site "Hockenheim/Germany"]
[Date "2009.08.25"]
[Round "4.10"]
[White "Storkebaum, Ulrike"]
[Black "Banisch, Anett"]
[Result "1-0"]
[WhiteElo "1894"]
[BlackElo "2061"]
[PlyCount "135"]
[EventDate "2009.??.??"]
[WhiteTeam "SV 1920 Hofheim"]
[BlackTeam "SV Sangerhausen e. V."]

1. e4 e5 2. Nf3 f5 3. Nxe5 Qf6 4. Nc4 fxe4 5. Nc3 Qg6 6. Ne3 c6 7. d3 Bb4 8.
Bd2 exd3 9. Bxd3 Qf7 10. Ne4 Be7 11. O-O d5 12. Ng3 Nf6 13. c4 Be6 14. cxd5
Nxd5 15. Nef5 O-O 16. Nxe7+ Nxe7 17. Qc2 h6 18. b3 Nd5 19. Rae1 Qd7 20. f4 a5
21. f5 Bf7 22. a3 Nf6 23. Bc3 Bd5 24. Bxf6 gxf6 25. Bc4 Na6 26. Nh5 Qf7 27. Nf4
Nc7 28. Re3 Kh7 29. Rfe1 Rfe8 30. Ne6 Bxc4 31. Qxc4 Nd5 32. Rh3 Rxe6 33. fxe6
Qg7 34. Qe4+ Kh8 35. Rg3 Qh7 36. Qxh7+ Kxh7 37. Re4 Re8 38. Kf2 Re7 39. Rh3 f5
40. Re5 Nf4 41. Rhe3 Kg6 42. g3 Nd5 43. Rf3 Nc7 44. Rexf5 Rxe6 45. Rxa5 Nb5 46.
Rd3 b6 47. Ra8 c5 48. Re3 Rf6+ 49. Kg2 Nd4 50. h4 Rd6 51. g4 h5 52. gxh5+ Kxh5
53. Rh8+ Kg6 54. Rg3+ Kf7 55. Rh7+ Kf8 56. h5 Nf5 57. Rh8+ Kf7 58. Rh7+ Kf8 59.
Rg5 Rf6 60. Kh3 Nd4 61. h6 Nf5 62. Rh8+ Kf7 63. h7 Rh6+ 64. Kg4 Ng7 65. Rb8
Rxh7 66. Rxb6 Ne6 67. Rf5+ Ke7 68. Rb7+ 1-0

[Event "Deutsche Frauen-Einzelmeisterschaft"]
[Site "Hockenheim/Germany"]
[Date "2009.08.25"]
[Round "4.11"]
[White "Kluge, Heidemarie"]
[Black "Gottschall, Ina"]
[Result "1-0"]
[WhiteElo "1952"]
[BlackElo "1693"]
[PlyCount "53"]
[EventDate "2009.??.??"]
[WhiteTeam "Spielgemeinschaft Schachfreunde"]
[BlackTeam "USV TU Dresden"]

1. d4 Nf6 2. h3 d5 3. Bf4 e6 4. e3 Bd6 5. Bxd6 Qxd6 6. c3 Nc6 7. Nd2 O-O 8. Bd3
e5 9. Rc1 e4 10. Bb1 Ne7 11. Ne2 c6 12. O-O Nf5 13. Qe1 Qd7 14. c4 Nh4 15. f3
exf3 16. Qxh4 fxe2 17. Rxf6 h6 18. Rf2 Qe6 19. Rxe2 Bd7 20. cxd5 Qxd5 21. Qe4
Qxe4 22. Nxe4 Rad8 23. Bd3 Be6 24. Nc5 Bc8 25. Bc4 b6 26. Nd3 Kh8 27. Ne5 1-0

[Event "Deutsche Frauen-Einzelmeisterschaft"]
[Site "Hockenheim/Germany"]
[Date "2009.08.26"]
[Round "5.1"]
[White "Germann, Heike"]
[Black "Zilberman, Polina"]
[Result "1/2-1/2"]
[WhiteElo "2077"]
[BlackElo "2191"]
[PlyCount "29"]
[EventDate "2009.??.??"]
[WhiteTeam "SV Marzahna 57 e.V."]
[BlackTeam "SK 1879 HD-Handschuhsheim"]

1. d4 d5 2. c4 e6 3. Nc3 c6 4. cxd5 exd5 5. Nf3 Nf6 6. Bg5 h6 7. Bh4 Bf5 8. e3
Nbd7 9. Bd3 Bxd3 10. Qxd3 Be7 11. O-O O-O 12. Rab1 a5 13. Rfc1 Re8 14. a3 a4
15. Rc2 1/2-1/2

[Event "Deutsche Frauen-Einzelmeisterschaft"]
[Site "Hockenheim/Germany"]
[Date "2009.08.26"]
[Round "5.2"]
[White "Leveikina, Jevgenija"]
[Black "Berglitz, Regina"]
[Result "1-0"]
[WhiteElo "2042"]
[BlackElo "2066"]
[PlyCount "79"]
[EventDate "2009.??.??"]
[WhiteTeam "Schachklub Herne-Sodingen 1924"]
[BlackTeam "Hamburger SK von 1830 eV"]

1. e4 c5 2. c3 Nf6 3. e5 Nd5 4. d4 cxd4 5. Qxd4 e6 6. Bc4 Nc6 7. Qe4 Nb6 8. Bb3
d6 9. exd6 Bxd6 10. Nf3 Nd7 11. O-O Nf6 12. Qe2 Qc7 13. Na3 a6 14. Nc4 Be7 15.
a4 Na5 16. Nxa5 Qxa5 17. Ne5 O-O 18. Bf4 Nd5 19. Bg3 f6 20. Nc4 Qc5 21. Rfd1
Kh8 22. Bc2 g6 23. Rd4 f5 24. Be5+ Kg8 25. Qd2 b6 26. Qh6 Rf7 27. Rad1 Bb7 28.
R1d3 Bf8 29. Qg5 Qe7 30. Qd2 Bg7 31. Bxg7 Kxg7 32. Ne5 Rff8 33. c4 Qc7 34. f4
Rac8 35. Bd1 Ne7 36. Rd7 Qc5+ 37. Kh1 Be4 38. b4 Qc7 39. Rxc7 Rxc7 40. Rd7 1-0

[Event "Deutsche Frauen-Einzelmeisterschaft"]
[Site "Hockenheim/Germany"]
[Date "2009.08.26"]
[Round "5.3"]
[White "Vidonyak, Nellya"]
[Black "Kickert, Germaine Helene"]
[Result "1-0"]
[WhiteElo "2187"]
[BlackElo "1943"]
[PlyCount "85"]
[EventDate "2009.??.??"]
[WhiteTeam "SV Hockenheim"]
[BlackTeam "SK Jever"]

1. d4 d5 2. Nf3 Nc6 3. Bf4 Bg4 4. e3 e6 5. Bb5 Bd6 6. Bg3 Bxg3 7. hxg3 Qd6 8.
c3 Nf6 9. Qa4 Bxf3 10. gxf3 O-O 11. Nd2 Ne7 12. g4 c6 13. Bd3 g6 14. O-O-O b5
15. Qc2 a5 16. Rdg1 b4 17. c4 c5 18. dxc5 Qxc5 19. b3 dxc4 20. bxc4 a4 21. Qb2
e5 22. f4 Nc6 23. g5 Nd7 24. Ne4 Qe7 25. f3 b3 26. Rxh7 Kxh7 27. Qh2+ Kg8 28.
Rh1 f5 29. gxf6 Nxf6 30. Nxf6+ Rxf6 31. Qh8+ Kf7 32. Rh7+ Ke6 33. Rxe7+ Nxe7
34. Qxa8 bxa2 35. Qxa4 exf4 36. e4 g5 37. Qxa2 Nc6 38. c5+ Ke7 39. Qb2 Kf7 40.
Qb7+ Kf8 41. e5 Rh6 42. Qc8+ Kf7 43. e6+ 1-0

[Event "Deutsche Frauen-Einzelmeisterschaft"]
[Site "Hockenheim/Germany"]
[Date "2009.08.26"]
[Round "5.4"]
[White "Nuber, Helene"]
[Black "Erben, Larissa"]
[Result "1/2-1/2"]
[WhiteElo "2073"]
[BlackElo "2073"]
[PlyCount "82"]
[EventDate "2009.??.??"]
[WhiteTeam "SC Dillingen"]
[BlackTeam "SV Stuttgart-Wolfbusch 1956 e.V."]

1. d4 d5 2. c4 e6 3. Nc3 c6 4. cxd5 exd5 5. Nf3 Bf5 6. Bf4 Nf6 7. h3 Bd6 8.
Bxd6 Qxd6 9. e3 Qb4 10. Qd2 O-O 11. Nh4 Bg6 12. Nxg6 hxg6 13. Bd3 Re8 14. O-O
Nbd7 15. a3 Qd6 16. b4 b5 17. a4 a6 18. axb5 axb5 19. Qb2 Nb6 20. Rfe1 Rxa1 21.
Rxa1 Ra8 22. Rxa8+ Nxa8 23. e4 dxe4 24. Nxe4 Nxe4 25. Bxe4 Nb6 26. Qc3 Nd5 27.
Bxd5 Qxd5 28. Qc5 Qe4 29. Qd6 Kh7 30. Kh2 g5 31. Qc5 Kg6 32. f3 Qe6 33. g4 Qf6
34. Kg2 Qe6 35. Kh2 Kh6 36. h4 Qe2+ 37. Kg1 Qe1+ 38. Kg2 Qe2+ 39. Kg1 Qe3+ 40.
Kg2 Qd2+ 41. Kg1 Qe1+ 1/2-1/2

[Event "Deutsche Frauen-Einzelmeisterschaft"]
[Site "Hockenheim/Germany"]
[Date "2009.08.26"]
[Round "5.5"]
[White "Von Herman, Brigitte"]
[Black "Niedermaier, Barbara"]
[Result "1-0"]
[WhiteElo "2104"]
[BlackElo "1995"]
[PlyCount "85"]
[EventDate "2009.??.??"]
[WhiteTeam "SK König Tegel 1949 e.V."]
[BlackTeam "SC Uttenreuth"]

1. e4 c5 2. c3 d6 3. d4 Nf6 4. Bd3 Nbd7 5. Nf3 g6 6. O-O Bg7 7. h3 O-O 8. Re1
cxd4 9. cxd4 Qb6 10. Nc3 Rd8 11. Qe2 e6 12. Bg5 h6 13. Be3 Qa5 14. Qd2 Kh7 15.
a3 a6 16. b4 Qc7 17. Rec1 Qb8 18. b5 d5 19. Bf4 Qa7 20. bxa6 bxa6 21. exd5 exd5
22. Na4 Ne4 23. Qa5 Bb7 24. Bc7 Nxf2 25. Kxf2 Bxd4+ 26. Kf1 Bxa1 27. Bxd8 Bg7
28. Bb6 Qb8 29. Bf2 Ne5 30. Nxe5 Qxe5 31. Qc7 Qg5 32. Rb1 Qd2 33. Nc5 Rc8 34.
Qxb7 Rxc5 35. Bxg6+ fxg6 36. Bxc5 Kh8 37. Qb3 Qf4+ 38. Bf2 Qf5 39. Rd1 d4 40.
Qf3 Qb5+ 41. Qd3 Qd7 42. Bxd4 Qf7+ 43. Kg1 1-0

[Event "Deutsche Frauen-Einzelmeisterschaft"]
[Site "Hockenheim/Germany"]
[Date "2009.08.26"]
[Round "5.6"]
[White "Willrodt, Sonja"]
[Black "Kopylova, Ljubov"]
[Result "0-1"]
[WhiteElo "1870"]
[BlackElo "2196"]
[PlyCount "46"]
[EventDate "2009.??.??"]
[WhiteTeam "SK Doppelbauer Kiel"]
[BlackTeam "SK Doppelbauer Kiel"]

1. d4 Nf6 2. Nf3 g6 3. c4 Bg7 4. Nc3 d5 5. e3 c5 6. cxd5 Nxd5 7. Qb3 Nxc3 8.
bxc3 O-O 9. Be2 Nc6 10. O-O Na5 11. Qb5 cxd4 12. cxd4 a6 13. Qb4 Nc6 14. Qc5
Bf5 15. Bd2 Rc8 16. Qa3 e5 17. Bb4 exd4 18. Nxd4 Nxd4 19. exd4 Re8 20. Bf3 Bxd4
21. Rad1 Qh4 22. Be7 Bxf2+ 23. Rxf2 Qxe7 0-1